LEADER 01054nam a2200265 a 4500 001 000000142700 003 CaOOAMICUS 005 20150409141336.0 008 150409s1966 it u000 u ita r 040 $aPUL$bita 100 1 $aHuizinga, Johan,$d1872-1945.$0(OLS)http://pul/name/5518 245 12$aL'autunno del Medio Evo /$cJohan Huizinga ; introduzione di Eugenio Garin. 260 $aFirenze :$bSansoni,$c1966. 300 $aXXXVI, 519 p. ;$c20 cm 490 1 $aBiblioteca Sansoni 650 4$aMedioevo$xStudi.$0(OLS)http://pul/subject/4691 700 1 $aGarin, Eugenio,$d1909-2004.$0(OLS)http://pul/name/8722 830 0$aBiblioteca Sansoni.$0(OLS)http://pul/title/931 850 $aPUL 852 $aPUL$W1$xDP1 Fondo Capitani$y116$m10 G 61$j164567$qFondi$B164834$CPULBib$Z2$F164834 $HCap947 $82 941 1 $a1 961 $aNota ms. di possesso: Capitani. 996 $6245$aL'autunno del Medio Evo$9(OLS)http://pul/title/180641 996 $6260$aFirenze :$bSansoni$9(OLS)http://pul/publisher/47896 LEADER 01243nam a2200301 a 4500 001 000000172281 003 CaOOAMICUS 005 20190710133831.0 008 190710s2014 enk u000 u eng r 020 $a978-1-107-60676-0 032 $aLibriCat 040 $aPUL$bita 245 04$aThe Cambridge Companion to Life and Death /$cedited by Steven Luper. 260 $aCambridge :$bCambridge University Press,$cİ2014. 270 7$axi, 352 p. ;$c23 cm. 490 1 $aCambridge companions 504 $aBibliografia: p. 330-347. 650 4$aMorte.$0(OLS)http://pul/subject/4246 650 4$aVita.$0(OLS)http://pul/subject/12200 700 1 $aLuper, Steven.$0(OLS)http://pul/name/110581 830 0$aCambridge companions.$0(OLS)http://pul/title/142362 850 $aPUL 852 $aPUL$W1$xSL Filosofia 2$y80$mPhil A8 131$j196220$qStampati Altre Collocazioni$B200972$CPULBib$Z2$F200972 $H133143 $82 941 1 $a10 996 $6020$a978-1-107-60676-0$9(OLS)http://pul/number/166393 996 $6245$aThe Cambridge Companion to Life and Death$9(OLS)http://pul/title/213198 996 $6260$aCambridge :$bCambridge University Press$9(OLS)http://pul/publisher/50125